Economism (Record no. 6523)

MARC details
000 -LEADER
fixed length control field 00681nam a2200169Ia 4500
005 - DATE AND TIME OF LATEST TRANSACTION
control field 20250117103825.0
008 - FIXED-LENGTH DATA ELEMENTS--GENERAL INFORMATION
fixed length control field 250117s9999 xx 000 0 und d
020 ## - INTERNATIONAL STANDARD BOOK NUMBER
International Standard Book Number 9780525436287
082 ## - DEWEY DECIMAL CLASSIFICATION NUMBER
Classification number 330KWA
100 ## - MAIN ENTRY--PERSONAL NAME
Personal name Kwak, James.
245 #0 - TITLE STATEMENT
Title Economism
Remainder of title bad economics and the rise of inequality
260 ## - PUBLICATION, DISTRIBUTION, ETC.
Place of publication, distribution, etc. New York
Name of publisher, distributor, etc. Pantheon Books
Date of publication, distribution, etc. 2017
300 ## - PHYSICAL DESCRIPTION
Extent xvi, 237p. : ill. ; 22 cm
500 ## - GENERAL NOTE
General note Includes bibliographical references and index.
520 ## - SUMMARY, ETC.
Summary, etc. Economism: an ideology that distorts the valid principles and tools of introductory college economics, propagated by self-styled experts, zealous lobbyists, clueless politicians, and ignorant pundits.
650 ## - SUBJECT ADDED ENTRY--TOPICAL TERM
Topical term or geographic name entry element Economics.
Holdings
Withdrawn status Lost status Damaged status Not for loan Home library Current library Date acquired Total checkouts Full call number Barcode Date last seen Price effective from Koha item type
        UONGOZI Institute Resources Centre - Dar es Salaam UONGOZI Institute Resources Centre - Dar es Salaam 01/17/2025   330KWA 005699 01/31/2025 01/17/2025 Book